000 00583nam a22001935i 4500
001 171476
003 ES-MaACL
005 20250730063150.0
008 090518s1968 sp |||| | spa d
080 _a087.5(05)(460.235 B.)
100 1 _aSolà i Dachs, Lluís,
_d1932-
_9107045
245 1 0 _aEn Patufet (1904-1938) /
_cLuis Solá y Dachs.
250 _a[1ª ed.].
260 _aBarcelona :
_bBruguera,
_c[1968]
300 _a110 p. :
_bil. ;
_c18 cm.
630 0 4 _aEn Patufet (Barcelona)
_9140193
852 _aES-MaACL
_jC-34495
_9R.65463
999 _c171476
_d171476